| 000 | 01854cam a2200385 i 4500 | ||
|---|---|---|---|
| 001 | 17959427 | ||
| 003 | USPCAS-E | ||
| 005 | 20180118181418.0 | ||
| 008 | 131130s2014 enk b 001 0 eng | ||
| 010 | _a 2013043111 | ||
| 020 | _a9781118539620 | ||
| 040 |
_aDLC _beng _cDLC _erda _dDLC |
||
| 042 | _apcc | ||
| 050 | 0 | 0 |
_aTK1541 _b.A48 2014 |
| 082 | 0 | 0 |
_a621.31213609162 _223 _bOFF 2014 |
| 100 | 1 | _aAnaya-Lara, Olimpo. | |
| 245 | 1 | 0 |
_aOffshore wind energy generation : _bcontrol, protection, and integration to electrical systems / _cOlimpo Anaya-Lara, University of Strathclyde, Glassgow, UK, David Campos-Gaona, Morelia Institute of Technology, Mexico, Edgar Moreno-Goytia, Morelia Institute of Technology, Mexico, Grain Adam, University of Strathclyde, Glassgow,. |
| 260 |
_aSussex: _bWiley, _c2014. |
||
| 300 |
_a283 pages ; _c26 cm |
||
| 502 | _a. | ||
| 504 | _aIncludes bibliographical references and index. | ||
| 650 | 0 | _aWind power plants. | |
| 650 | 0 | _aOffshore electric power plants. | |
| 650 | 0 | _aWind energy conversion systems. | |
| 700 | 1 | _aCampos-Gaona, David. | |
| 700 | 1 | _aMoreno-Goytia, Edgar Lenymirko. | |
| 700 | 1 | _aAdam, Grain Philip. | |
| 776 | 0 | 8 |
_iOnline version: _aAnaya-Lara, Olimpo. _tOffshore wind energy generation _dChichester, West Sussex : John Wiley & Sons Inc., [2014] _z9781118701539 _w(DLC) 2013048398 |
| 856 | 4 | 1 |
_3Table of contents only _uhttp://www.loc.gov/catdir/enhancements/fy1506/2013043111-t.html |
| 856 | 4 | 2 |
_3Publisher description _uhttp://www.loc.gov/catdir/enhancements/fy1506/2013043111-d.html |
| 856 | 4 | 2 |
_3Contributor biographical information _uhttp://www.loc.gov/catdir/enhancements/fy1506/2013043111-b.html |
| 906 |
_a7 _bcbc _corignew _d1 _eecip _f20 _gy-gencatlg |
||
| 942 |
_2ddc _cBK |
||
| 999 |
_c355939 _d355939 |
||